Geobotanica, botánica y ecología vegetal (Registro nro. 1624)
[ vista simple ]
| 000 -CABECERA | |
|---|---|
| Campo de control | 00987cam a2200253 a 4500 |
| 005 - FECHA Y HORA DE LA ULTIMA TRANSACCION | |
| Campo de control | 20160210090413.0 |
| 008 - ELEMENTOS DE LONGITUD FIJA—INFORMACION GENERAL | |
| Campo de control | 000905s19980000ck o 0 spa d |
| 040 ## - FUENTE DE CATALOGACIÓN | |
| Agencia catalogadora original | CO-BoPUJ |
| Agencia transcriptora | CO-BoIAVH |
| Agencia Modificadora | CO-BoIAVH |
| 041 0# - IDIOMA | |
| Código de idioma para texto/pista de sonido o título separado | Español |
| 044 ## - PAÍS DE PUBLICACIÓN | |
| País de publicación | Colombia |
| 082 04 - NUMERO DE CLASIFICACION DECIMAL DEWEY | |
| Número de clasificación | 581.9 |
| Número del ítem | D86g |
| 100 1# - ASIENTO PRINCIPAL--NOMBRE PERSONAL | |
| Nombre personal | Dugand Gnecco, Armando |
| Fechas asociadas con el nombre | 1906-1971 |
| 9 (RLIN) | 58459 |
| 245 10 - MENCION DE TITULO | |
| Título | Geobotanica, botánica y ecología vegetal |
| Mención de responsabilidad | Armando Dugand Gnecco ; fotografias Alfonso Cervantes y Gloria Sánchez |
| 260 ## - PUBLICACION, DISTRIBUCION, ETC. (PIE DE IMPRENTA) | |
| Lugar de publicación, distribución, etc. | Barranquilla : |
| Nombre del editor, distribuidor, etc. | CRA, |
| Fecha de publicación, distribución, etc. | 1998. |
| 300 ## - DESCRIPCION FISICA | |
| Extensión | 332 páginas, 16 hojas de láminas : |
| Otros detalles físicos | fotografías a color ; |
| Dimensiones | 22 x 28 cm. |
| 504 ## - NOTA DE BIBLIOGRAFIA, ETC. | |
| Nota de bibliografía | Incluye referencias bibliográficas (páginas 328-333). |
| 650 26 - ASIENTO SECUNDARIO DE MATERIA - TERMINO TEMATICO | |
| Término temático o nombre geográfico como elemento de entrada | Ornitología |
| Subdivisión geográfica | Colombia |
| 9 (RLIN) | 58460 |
| 650 26 - ASIENTO SECUNDARIO DE MATERIA - TERMINO TEMATICO | |
| Término temático o nombre geográfico como elemento de entrada | Ecología vegetal |
| Subdivisión geográfica | Colombia |
| 9 (RLIN) | 58461 |
| 650 24 - ASIENTO SECUNDARIO DE MATERIA - TERMINO TEMATICO | |
| Término temático o nombre geográfico como elemento de entrada | Fitogeografía |
| 9 (RLIN) | 58462 |
| 700 1# - ASIENTO SECUNDARIO - NOMBRE PERSONAL | |
| Nombre personal | Cervantes, Alfonso |
| Término de relación | Fotografía |
| 9 (RLIN) | 58457 |
| 700 1# - ASIENTO SECUNDARIO - NOMBRE PERSONAL | |
| Nombre personal | Sánchez, Gloria |
| Término de relación | Fotografía |
| 9 (RLIN) | 58458 |
| 710 2# - ASIENTO SECUNDARIO - NOMBRE CORPORATIVO | |
| Nombre corporativo o de jurisdicción como elemento de entrada | Corporación Autonoma Regional del Atlantico. CRA |
| 9 (RLIN) | 13210 |
| 942 ## - ELEMENTOS ADICIONALES (KOHA) | |
| Sistema de clasificación | Dewey Decimal Classification |
| Tipo de ítem | Libro |
| Withdrawn status | Lost status | Sistema de Clasificación | Damaged status | No para préstamo | Colección | Inventariado | Ubicación Permanente | Ubicación actual | Fecha de adquisición | Fuente de Valor | Valor | Total Checkouts | Número topográfico | Inventario / Código de Barras | Date last seen | Date checked out | Ejemplar | Price effective from | Forma de adquisición | Tipo de material |
|---|---|---|---|---|---|---|---|---|---|---|---|---|---|---|---|---|---|---|---|---|
| Dewey Decimal Classification | General | Inventariado 2017 | Bogotá | Bogotá | 03/05/2000 | SECAB | 39000.00 | 1 | LB-581.9 D86g | 002238 | 13/12/2013 | 29/07/2013 | Ej. 1 | 04/12/2012 | Libro |